Management of fruit flies in the Pacific

Guardado en:
Detalles Bibliográficos
Formato: Libro
Lenguaje:Undetermined
Publicado: Canberra, Australia ACIAR 1997
Materias:
Etiquetas: Agregar Etiqueta
Sin Etiquetas, Sea el primero en etiquetar este registro!
Thư viện lưu trữ: Trung tâm Học liệu Trường Đại học Cần Thơ
LEADER 00436nam a2200157Ia 4500
001 CTU_38557
008 210402s9999 xx 000 0 und d
082 |a 632.7 
082 |b M266 
245 0 |a Management of fruit flies in the Pacific 
260 |a Canberra, Australia 
260 |b ACIAR 
260 |c 1997 
650 |a fruit flies - the pacific 
904 |i Liên, 990423 
980 |a Trung tâm Học liệu Trường Đại học Cần Thơ